00000000nam##2200000za#4500
0019.697922
003CaOODSP
00520210624235709
007cr |||||||||||
008150407|2000||||xxc|||||o    f|0| 0 eng|d
040 |aCaOODSP|beng
043 |an-cn---
0861 |aEn4-163/2000E-PDF
1101 |aCanada. |bEnvironment Canada. |bAudit and Evaluation Branch.
24510|aCapital assets valuation audit |h[electronic resource]
260 |aGatineau - Quebec : |bEnvironment Canada. |cDecember 2000.
300 |a22p.
590 |a13-14-Supp|b2013-05-30
77508|tVérification de l'évaluation des immobilisations |w(CaOODSP)9.641908
85640|ahttp://publications.gc.ca|qPDF|s92 KB|uhttps://publications.gc.ca/collections/collection_2013/ec/En4-163-2000-eng.pdf